| 000 | 00552ntaaa2200205 4500 | ||
|---|---|---|---|
| 003 | 01 | ||
| 005 | 20251027202332.0 | ||
| 008 | 0714s1973 ag 01 | ||
| 040 |
_aAR-BaBN _bspa _cAR-BaBN _eaacr _dRIC |
||
| 082 | _a294.0000 St8 | ||
| 100 |
_aStreeter, Burnett Hillman _913025 |
||
| 245 | _aThe Buddha and the Christ | ||
| 250 | _a1 ed. | ||
| 260 |
_aLondon : _bMacmillan and Co, _cc1032 |
||
| 300 | _axiii, 336 p | ||
| 500 | _aThe Hampton Lectures for 1932 | ||
| 650 |
_aBudismo-cristianismo _921963 |
||
| 650 |
_aJapón-budismo _921964 |
||
| 942 | _cBK | ||
| 999 |
_c18191 _d18191 |
||